000 01204nam a22002777a 4500
005 20101206113148.0
008 101206t xxu||||| |||| 00| 0 hin d
010 _aHIN-93220
020 _c300.00
_a9788171247790
035 _aHN-65566
037 _bDBAD/PUB
040 _aDPL
_bHN
082 _a344.5401
100 _924598
_aपाण्डेय, बालेश्वर
245 _aश्रम-कल्याण /
_cबालेश्वर पाण्डेय
246 _aSheama-Kalyana
_bby Baleshwar Pandey
260 _aवाराणसी
_bविश्वविद्यालय प्रकाशन
_c2011
270 _bवाराणसी
_aपो.बॉ 1149, विशालाक्षी भवन, चौक
_e221001
_k0542- 2413741
_msales@vvpbooks.com
300 _axi,272पृ.
_c22सेमी (सजिल्द)
650 _91169
650 _929580
700 _924599
700 _924924
942 _2ddc
_cHN
_mपाण्डेय
_h344.5401
999 _c53925
_d53925